[Event "RN-2014-0-00828"]
[Site "LSS email"]
[Date "2014.07.30"]
[Round "?"]
[White "Bester, Kazimierz"]
[Black "Lastikov, Oleg"]
[Result "1-0"]
[WhiteElo "744"]
[BlackElo "800"]
[PlyCount "25"]
[EventDate "2014.07.16"]
[EventType "tourn (corr)"]
[EventRounds "6"]
[EventCountry "GER"]
[SourceTitle "Corr 2015"]
[Source "ChessBase"]
[SourceDate "2015.07.17"]
[SourceVersion "1"]
[SourceVersionDate "2015.07.17"]
[SourceQuality "1"]

1. d4 d6 2. Nf3 Bg4 3. Nbd2 Nf6 4. e3 e6 5. Be2 Be7 6. 0-0 0-0 7. Ne1 Bf5 8. Bf3 d5 9. c4 h6 10. c5 b6 11. b4 a5 12. cxb6 axb4 13. bxc7 1-0